| 000 | 00000nam##2200000za#4500 |
| 001 | 9.694936 |
| 003 | CaOODSP |
| 005 | 20240219183347 |
| 007 | cr ||||||||||| |
| 008 | 150407|2009||||xxc|||||o f|0| 0 eng|d |
| 040 | |aCaOODSP|beng |
| 043 | |an-cn--- |
| 086 | 1 |aD69-2/2009E-PDF |
| 110 | 2 |aDefence R&D Canada. |
| 245 | 10|aRecovery of human remains in a fatal fire setting using archaeological methods / |h[electronic resource]|cPrincipal author: Gregory Olson ; approved by Executive Director, Canadian Police Research Centre ; approved for release by Chair, Centre for Security Science Document Review Panel, Centre for Security Centre DDG. |
| 260 | |aOttawa - Ontario : |bDefence Research and Development Canada |c[2009]. |
| 300 | |a41p.|bcoloured figs., references, photographs |
| 546 | |a(Résumé en français.) |
| 590 | |a11-17-Supp|b2011-09-12 |
| 856 | 40|ahttp://publications.gc.ca|qPDF|s1382 KB|uhttps://publications.gc.ca/collections/collection_2011/dn-nd/D69-2-2009-eng.pdf |
| 986 | |aDRDC CSS CR 2009-03 |